000 00957cam a2200277 a 4500
001 654846
003 ARRUPE
005 20150306110253.0
008 941104s1995 mnu b 001 0 eng
010 _a 94043318
020 _a081462152X (pbk.)
040 _aDLC
_cDLC
_dDLC
050 0 0 _aBX1959.5
_b.E87 1995
082 0 0 _a238/.2
_220
100 _aRegan, Jane E.
_915624
245 0 0 _aExploring the Catechism /
_cJane E. Regan ... [et al.].
260 _aCollegeville, Minn. :
_bLiturgical Press,
_cc1995.
300 _avii, 170 p. ;
_c23 cm.
504 _aIncludes bibliographical references and index.
610 2 0 _aCatholic Church.
_tCatechismus Ecclesiae Catholicae.
_9287
610 2 0 _aCatholic Church
_xCatechisms.
_9288
700 1 _aRegan, Jane E. [et al]
_915625
906 _a7
_bcbc
_corignew
_d1
_eocip
_f19
_gy-gencatlg
942 _2lcc
_cMONOGRAPH
999 _c122225
_d122225